| 000 | 01214cam a22001814a 4500 | ||
|---|---|---|---|
| 005 | 20250605164030.0 | ||
| 008 | 250528s ||||||||||||||||||||||||d | ||
| 035 | _a16605 | ||
| 040 |
_aGR-AtMCL _bgre _dGR-AtMCL _eAACR2 |
||
| 245 | 1 | _aLinux / Computer Steps: In Easy Steps | |
| 260 |
_bΗμερησία Α.Ε, _c2008 |
||
| 300 | _a192 | ||
| 520 | _aΑυτό το εγχειρίδιο σας μαθαίνει να αναρριχηθείτε στο δέντρο καταλόγων του Linux, να περιηγηθείτε με το Περιηγητή αρχείων και πολλά περισσότερα. Ξεκινώντας, Εξερεύνηση της Επιφάνειας Εργασίας, Περιήγηση του Συστήματος Αρχείων, Εκτέλεση Εφαρμογών Γραφείου, Εκτέλεση Εφαρμογών Πολυμέσων, Εντολές στο Κέλυφος, Χειρισμός Αρχείων στο Κέλυφος, Εκτέλεση Εργασιών στο Κέλυφος, Δικτύωση με το Κέλυφος, Αναφορές Εντολών, Ευρετήριο. | ||
| 700 | 1 |
_aMcgrath Mike _92690 |
|
| 942 | _cBK | ||
| 999 |
_c2087 _d2087 |
||